00844nam a2200241 a 450000100100000000500170001000800410002702000150006804000250008308200150010810000260012324500910014925000130024026000270025330000280028049000160030850400280032470000340035271000630038683000230044995201130047299900170058500004151920201002034948.0131009s1997 sp a 001 0 spa d a8473561651 aDO-SdBNPbspacBNPHU axxxxbxxxx1 aSoret, Ignacio96823710aLogística comercial y empresarial. /cIgnacio Soret; presentación, Adrián Piera. a2da. ed. aMadrid :bESIC,c1997. a408 p. :bil. ;c24 cm.1 aUniversidad aBibliografia p: 405-4081 aPiera, Adriánepres.9682382 aEscuela superior de gestión comercial y marketing968239 0aUniversidad949597 001050718MOaGRbGRcCTd2013-10-09iLF1l0oxxxx xxxxp41519-10r2020-06-25w2020-06-25y1ZNo se presta c41009d41009